000 00772na a2200289 4500
001 14384
003 MIRAKIL
005 20181213154823.0
008 161031b tu 000 0
020 _a9789752635807
035 _a14384
040 _aMilas
_btur
_cTR-AnCHP
041 _atur
082 _a909.049435
_bD25t 2007
090 _a909.049435 D25t 2007
100 _aDanişmend, İsmail Hami
245 _aTürkler
_cİsmail Hami Danişmend
260 _aİstanbul
_bTimaş Yayınları
_c2007
300 _a224 s.
_bres.
_c20 sm.
490 _aPopüler Tarih
_v26
490 _aTimaş Yayınları
_v1660
504 _aKaynakça var.
650 _aTürk kültürü
650 _aTürkler
_xİslamiyet
650 _aTürkler
_xTarih
942 _2ddc
_cBKS
999 _c1475
_d1475